Un soplo de aire fresco. Charlando con Asunción Codés (Record no. 745920)

000 -CABECERA
Campo de control de longitud fija 00450nab a2200145Ia 4500
003 - IDENTIFICADOR DEL NÚMERO DE CONTROL
Campo de control ES-SlBCS
005 - FECHA Y HORA DE LA ÚLTIMA TRANSACCIÓN
Campo de control 20210601150736.0
008 - CÓDIGOS DE INFORMACIÓN DE LONGITUD FIJA
Campo de control de longitud fija 140529s2001 xxu||||| |||| 00| 0 spa d
041 ## - CÓDIGO DE LENGUA
Código de lengua del texto/banda sonora o título independiente spa
100 1# - PUNTO DE ACCESO PRINCIPAL-NOMBRE DE PERSONA
Nombre de persona Bellella, Antonio
9 (RLIN) 38629
245 00 - MENCIÓN DE TÍTULO
Título Un soplo de aire fresco. Charlando con Asunción Codés
Mención de responsabilidad, etc. Antonio Bellella
600 14 - PUNTO DE ACCESO ADICIONAL DE MATERIA-NOMBRE DE PERSONA
Nombre personal Codés, Asunción
9 (RLIN) 74362
773 0# - ENLACE AL DOCUMENTO FUENTE
Título Vida Religiosa
Parte(s) relacionada(s) vol. 91, nº. 4, 2001, págs. 148-153
Número de control del registro relacionado Rev493
942 ## - ENTRADA DE ELEMENTOS AGREGADOS (KOHA)
Koha [por defecto] tipo de item Artículos de revista
Holdings
Suprimido Perdido Estropeado No para préstamo Localización permanente Localización actual Localización en estantería Fecha adquisición Préstamos totales Fecha última consulta Fecha del precio de reemplazo Tipo de item de Koha
        San Esteban San Esteban Depósito de revistas 11/07/2014   11/07/2014 11/07/2014 Artículos de revista

Bibliotecas Dominicos Provincia Hispania, 2016

Con tecnología Koha